000 00353nam a2200133Ia 4500
008 191014s9999 xx 000 0 und d
020 _a0-486-60624-4
082 _a515.5
_bSIL
100 _aN.N. Lebedev
_920393
245 0 _aSpecial Functions & Their Applications
260 _aUSA
_bDover Publications INC.
_c1965
300 _aXii,308
942 _cBK
999 _c530973
_d530973